Tribhuvan University Central Library

स्मृतिमा सर्जकहरु(व्यक्तिबृत) (Record no. 109469)

MARC details
000 -LEADER
fixed length control field 00537nam a22001457a 4500
008 - FIXED-LENGTH DATA ELEMENTS--GENERAL INFORMATION
fixed length control field 230526b |||||||| |||| 00| 0 eng d
020 ## - INTERNATIONAL STANDARD BOOK NUMBER
International Standard Book Number 9789937918039
082 ## - DEWEY DECIMAL CLASSIFICATION NUMBER
Classification number N928/Du968s
100 ## - MAIN ENTRY--PERSONAL NAME
Personal name दुवाल, मोहन
245 ## - TITLE STATEMENT
Title स्मृतिमा सर्जकहरु(व्यक्तिबृत)
260 ## - PUBLICATION, DISTRIBUTION, ETC.
Place of publication, distribution, etc. s.l:
Name of publisher, distributor, etc. जनमत प्रकाशन नेपाल,
Date of publication, distribution, etc. २०७४वि.
300 ## - PHYSICAL DESCRIPTION
Other physical details २९७पृ.
650 ## - SUBJECT ADDED ENTRY--TOPICAL TERM
Topical term or geographic name entry element साहित्यकारहरु-जीवनी
942 ## - ADDED ENTRY ELEMENTS (KOHA)
Source of classification or shelving scheme Dewey Decimal Classification
Koha item type General Collections
Holdings
Withdrawn status Lost status Source of classification or shelving scheme Damaged status Not for loan Home library Current library Shelving location Date acquired Total Checkouts Full call number Barcode Date last seen Price effective from Koha item type
    Dewey Decimal Classification     Tribhuvan University Central Library Tribhuvan University Central Library New Building 05/26/2023   N928/Du968s 167025 05/26/2023 05/26/2023 General Collections
    Dewey Decimal Classification     Tribhuvan University Central Library Tribhuvan University Central Library New Building 05/26/2023   N928/Du968s 167026 05/26/2023 05/26/2023 General Collections